| 000 | 005530000a22001810004500 | ||
|---|---|---|---|
| 003 | MACL | ||
| 005 | 20160603171152.0 | ||
| 008 | 160603b xxu||||| |||| 00| 0 eng d | ||
| 040 |
_aMACL _cMACL |
||
| 041 | _aHindi | ||
| 082 | _a920 | ||
| 100 |
_aडॉ राजानन्द _961934 |
||
| 245 |
_aगांधी और भारत _cडॉ राजानन्द |
||
| 260 |
_bभारत ग्रंथ निकेतन _c2004 _aबीकानेर |
||
| 350 | _a125 | ||
| 650 |
_aBiography _962274 |
||
| 942 |
_cHIN _k920/RAJ _2ddc |
||
| 999 |
_c17968 _d17968 |
||